| 000 | 00632cam a2200217 a 4500 | ||
|---|---|---|---|
| 001 | 2544086 | ||
| 005 | 20240221034416.0 | ||
| 008 | 941227s1995 enk b 001 0 eng | ||
| 020 | _a0631191585 | ||
| 020 | _a0631191593 (pbk.) | ||
| 040 |
_aDLC _cDLC _dDLC |
||
| 082 | 0 | 0 |
_a320.5 _220 _bPOL. |
| 100 | 1 | _aRengger, N. J. | |
| 245 | 1 | 0 |
_aPolitical theory, modernity, and postmodernity : _bbeyond enlightenment and critique / _cN.J. Rengger. |
| 250 | _a1st. | ||
| 260 |
_aOxford, UK ; _aCambridge, Mass., USA : _bBlackwell, _c1995. |
||
| 300 | _axvii, 253 p. ; | ||
| 650 | 0 | _aPolitical science | |
| 650 | 0 | _aPostmodernism. | |
| 942 | _cL | ||
| 999 |
_c447 _d447 |
||